| 000 | 00642nam a2200193 a 4500 | ||
|---|---|---|---|
| 001 | 000226384 | ||
| 003 | AM-YeHGA | ||
| 005 | 20250618071538.0 | ||
| 008 | 030519s1942 ai a||||r|||||000|1|arm|d | ||
| 040 | _aAM-YeHGA | ||
| 041 | 0 | _aarm | |
| 100 | 0 |
_aԱղավնի, _d1911-1992 _982 |
|
| 245 | 1 | 0 |
_aՊարտիզան Վասյան : _b[Բանաստեղծություններ] : Պատանիների համար / _cԱղավնի. |
| 260 |
_aԵրևան : _bՀայպետհրատ, _c1942. |
||
| 300 |
_a12 էջ : _bնկ. ; _c22 սմ. |
||
| 650 | 1 | 4 |
_aՀայ մանկական գրականություն _xՊոեզիա |
| 942 |
_2udc _cBK |
||
| 090 | _c80868 | ||
| 999 |
_c79601 _d79601 |
||